| 000 | 00530nam a2200217Ia 4500 | ||
|---|---|---|---|
| 003 | 0100 | ||
| 008 | 130303s9999 xx 000 0 und d | ||
| 020 | _a089622418X | ||
| 040 | _cARRUPELIB | ||
| 050 | _aBJ1249.S569 1990 | ||
| 100 | _aSloyan, Gerard Stephen | ||
| 245 | _aCatholic morality revisited | ||
| 245 | _borigins and contemporary challenges | ||
| 260 | _aMystic, Conn. | ||
| 260 | _bTwenty-Third Publications | ||
| 260 | _C1990 | ||
| 300 | _avi | ||
| 300 | _b 168 p. 23 cm | ||
| 650 | _aETHICS | ||
| 942 | 0 | 0 | _01 |
| 999 |
_c8573 _d8573 |
||